000 00680nam a2200241Ia 4500
003 OSt
005 20220918174955.0
006 a|||||r|||| 00| 0
007 ta
008 220917b |||||||| |||| 00| 0 eng d
024 _a14,952
037 _cTextual
040 _aARTS
_cARTS
_beng
041 _2eng
_aeng
082 _aO:1H40aN5, J5
100 _aGriffith Dudley David
_952360
245 0 _aBibliography of Chaucer, 1908-1953
260 _c1955
490 _aUniversity of Washington publication in language and litrature, 13
650 _aENGLISH LITERATURE
942 _hO:1H40aN5, J5
_cTEXL
_2CC
999 _c155412
_d155412